Jan Parkman : SSSR oknem cestovního deníku : Okresní galerie výtvarného umění v Náchodě, listopad - prosinec 1988 /

Hlavní autor: Parkman, Jan, 1942-
Další autoři: Kříž, Jan, 1935-
Jazyk: Čeština
Vydáno: Náchod : Okresní galerie výtvarného umění, 1988
Fyzický popis: 1 slož. list
Knihy
Uloženo v:
LEADER 00798nam a22002172a 4500
001 001733670
003 CZ BrMZK
005 20200304110419.0
007 ta
008 200304s1988 xr er|||||||||||cze d
040 |a BOA001  |b cze  |e aacr2 
100 1 |a Parkman, Jan,  |d 1942-  |7 jo20000074639  |4 art 
245 1 0 |a Jan Parkman :  |b SSSR oknem cestovního deníku : Okresní galerie výtvarného umění v Náchodě, listopad - prosinec 1988 /  |c text: Jan Kříž 
260 |a Náchod :  |b Okresní galerie výtvarného umění,  |c 1988 
300 |a 1 slož. list 
500 |a Katalog výstavy 
700 1 |a Kříž, Jan,  |d 1935-  |7 mzk2018986792  |4 wfw 
910 |a BOA001  |b X2-0948.025 
990 |a BK 
991 |b 202003 
996 6 |b 2618852404  |c X2-0948.025  |l MZK  |r Sklad / do 24 hodin  |n 0  |w 001785380  |u 000010  |a 1  |e BOA001  |j MZK50  |s P